CCNA Acronyms 10 - Statistics

General Stats
  • This quiz has been taken 2 times
  • The average score is 3 of 30
Answer Stats
Hint Answer % Correct
MHz Megahertz
100%
ms Milliseconds
100%
MD5 Message Digest 5
50%
MOS Mean opinion score
0%
MTBF Mean time between failures
0%
MGCP Media Gateway Control Protocol
0%
MIC Message Integrity Check
0%
MSCHAPv2 Microsoft Challenge Handshake Authentication Protocol version 2
0%
MPCC Microsoft Point-to-Point Compression
0%
MIR Minimum information rate
0%
MLS-RP MLS Route Processor
0%
MLS-SE MLS Switching Engine
0%
MSB Most significant bit
0%
MPEG Moving Picture Experts Group
0%
MP3 MPEG-1 Audio Layer 3
0%
MDS Multilayer Directors and Fabric Switches
0%
MLS Multilayer switching
0%
MLSP Multilayer Switching Protocol
0%
MLP Multilink Point-to-Point Protocol
0%
MPPP Multilink Point-to-Point Protocol
0%
MP Multilink Protocol
0%
MM Multimode
0%
MISTP Multiple-Instance STP
0%
MC Multipoint controller
0%
MCU Multipoint control unit
0%
MP Multipoint processor
0%
MPLS Multiprotocol Label Switching
0%
MPMLQ Multipulse Maximum Likelihood Quantization
0%
MRTG Multi-Router Traffic Grapher
0%
MoH Music on hold
0%
No matching quizzes found
Score Distribution
Percent of People with Each Score
Percentile by Number Answered
Your Score History
You have not taken this quiz